000 00938nam a2200229 a 4500
001 71305
003 BD-RjUL
005 20211209082111.0
008 170502s1998 bg |||| |||| 00| |aben d
020 _c: Tk. 100.00
035 _a(BD-RjUL)71521
040 _aBD-RjUL
_bben
_cBD-RjUL
041 _aben
082 _223
_a891.440922
_bCHJ 1998
100 1 _aচৌধুরী, শৈলেশ কুমার
_9210984
245 1 0 _aযখন ছোট ছিলাম :
_bআ্ত্মজৈবনীক স্মৃতিকথা /
_cশৈলেশ কুমার চৌধুরী
260 _aঢাকা :
_bমুহাম্মদ মহসীন রেজা,
_c১৯৯৮
300 _a১০৭ পৃ. ;
_c১৯ সেমি.
600 _aচৌধুরী, শৈলেশ কুমার
_xআত্মজীবনী
_9211001
600 _aChowdhury, Shailesh Kumar
_xAutobiography
_9211002
942 _2ddc
_cBK
999 _c71305
_d71305